000
00262nam a22000857a 4500
008
240229b |||||||| |||| 00| 0 eng d
020
_a
9789356349469
100
_a
oswaal books learning pvt.ltd
_9
7753
245
_a
Physics Class 12 CBSE Question bank with Solved Papers
999
_c
12545
_d
12545